000 00578nam a2200181Ia 4500
008 090124s9999 xx 000 0 und d
082 _b28245
_a3181
100 _aकेळकर ग. म.
245 _a न्यारासंत (गांधीजींवर)
250 _a0
260 _c1995
300 _a119
600 _aकेळकर ग. म.
630 _a न्यारासंत (गांधीजींवर)
700 _aकेळकर ग. म.
730 _a न्यारासंत (गांधीजींवर)
942 _cBOOK
999 _c141705
_d141705